<?xml version="1.0" encoding="UTF-8"?>
<marc:record xmlns:marc="http://www.loc.gov/MARC21/slim">
   <marc:leader>00000nam a2200000 a 4500</marc:leader>
   <marc:datafield ind1="1" ind2=" " tag="100">
      <marc:subfield code="a">Lefteri, Christy</marc:subfield>
      <marc:subfield code="4">aut</marc:subfield>
      <marc:subfield code="e">Verfasser/-in</marc:subfield>
   </marc:datafield>
   <marc:datafield ind1=" " ind2=" " tag="653">
      <marc:subfield code="a">Familie</marc:subfield>
   </marc:datafield>
   <marc:datafield ind1=" " ind2=" " tag="653">
      <marc:subfield code="a">Flucht</marc:subfield>
   </marc:datafield>
   <marc:datafield ind1=" " ind2=" " tag="653">
      <marc:subfield code="a">Bienen</marc:subfield>
   </marc:datafield>
   <marc:datafield ind1=" " ind2=" " tag="653">
      <marc:subfield code="a">Syrien</marc:subfield>
   </marc:datafield>
   <marc:datafield ind1=" " ind2=" " tag="653">
      <marc:subfield code="a">Existenzkampf</marc:subfield>
   </marc:datafield>
   <marc:datafield ind1=" " ind2=" " tag="653">
      <marc:subfield code="a">Überlebenskampf</marc:subfield>
   </marc:datafield>
   <marc:datafield ind1=" " ind2=" " tag="653">
      <marc:subfield code="a">Autor &lt;England&gt;</marc:subfield>
   </marc:datafield>
   <marc:datafield ind1="0" ind2="0" tag="245">
      <marc:subfield code="a">Das Versprechen des Bienenhüters</marc:subfield>
   </marc:datafield>
   <marc:datafield ind1="0" ind2="0" tag="245">
      <marc:subfield code="b">Roman</marc:subfield>
   </marc:datafield>
   <marc:datafield ind1=" " ind2="1" tag="264">
      <marc:subfield code="b">Limes</marc:subfield>
      <marc:subfield code="c">2019</marc:subfield>
   </marc:datafield>
   <marc:datafield ind1="1" ind2=" " tag="520">
      <marc:subfield code="a">Sie haben alles verloren und glauben dennoch an einen Neuanfang: Diese Geschichte wird Sie berühren, erschüttern und doch hoffnungsvoll zurücklassen.
Nuri ist Bienenhüter, mit seiner Familie führt er ein einfaches, aber erfülltes Leben im syrischen Aleppo. Bis das Undenkbare passiert und der Krieg ihr Zuhause erreicht. Nuris kleiner Sohn Sami wird bei einem Bombenanschlag getötet, seine Frau Afra erblindet. Sie müssen fliehen, um zumindest ihr eigenes Leben zu retten. Die Trauer um Sami und Erinnerungen an das einst glückliche Leben begleiten sie auf dem langen, gefährlichen Weg durch eine Welt, die nicht auf sie gewartet hat und selbst die Mutigsten in die Knie zwingt. Doch in England wartet Nuris Cousin Mustafa mit einem Bienenstock, der neuen Honig und neues Leben verspricht. Aber die größte Herausforderung liegt noch vor Nuri und Afra: wieder zueinander zu finden und gemeinsam die Hoffnung an ein neues Leben zu bewahren.

Erzählt mit viel Feingefühl, Emotion und besonderen erzählerischen Elementen, wie die Verknüpfung der Zeitebenen: Die Kapitelüberschrift ist das letzte Wort des vorherigen und das erste Wort des folgenden Kapitels, so sind die Erzählung aus der Gegenwart und der Vergangenheit miteinander verbunden.
</marc:subfield>
   </marc:datafield>
   <marc:datafield ind1=" " ind2=" " tag="020">
      <marc:subfield code="a">9783809027157</marc:subfield>
      <marc:subfield code="9">9783809027157</marc:subfield>
   </marc:datafield>
</marc:record>
